000 02317cam a2200301 a 4500
001 15732922
003 ARRUPE
005 20130930173730.0
008 090511s2009 miub b 001 0 eng
010 _a 2009019502
020 _a9780801026768 (cloth)
020 _a0801026768 (cloth)
035 _a(OCoLC)ocn311752053
040 _aDLC
_cDLC
_dBTCTA
_dC#P
_dSGB
_dDLC
050 0 0 _aBS2785.53
_b.M36 2009
100 1 _aMcCartney, Dan.
_91749
245 1 0 _aJames /
_cDan G. McCartney.
260 _aGrand Rapids, Mich. :
_bBaker Academic,
_cc2009.
300 _axx, 335 p. :
_bmap ;
_c24 cm.
490 1 _aBaker exegetical commentary on the New Testament
504 _aIncludes bibliographical references (p. 301-311) and indexes.
505 0 _aIntroduction to James -- Salutation (1:1) -- Overview of the life of faith (1:2-27) -- Faith and wisdom (1:2-8) -- Pride and wealth (1:9-12) -- Faith and testing (1:13-18) -- Doing the word of God (1:19-25) -- True religion (1:26-27) -- First discourse : faith and behavior (2:1-26) -- Part 1: faith, favoritism, and law (2:1-13) -- Part 2: faith and works (2:14-26) -- Second discourse : faith, wisdom, and speech ethics (3:1-18) -- Part 1: teachers, tongues, and turmoil (3:1-12) -- Part 2: wisdom from above (3:13-18) -- Third discourse : strife in the church as lack of faith (4:1-12) -- Part 1: lusts and repentance (4:1-10) -- Part 2: defamation and censure (4:11-12) -- Interjection : two oracles of warning (4:13-5:6) -- Oracle 1: warning to merchants (4:13-17) -- Oracle 2: warning to landlords (5:1-6) -- Fourth discourse : looking to God (5:7-18) -- Part 1: faith and patience (5:7-11) -- Bridge verse : prohibition of oaths (5:12) -- Part 2: faith and prayer (5:13-18) -- Closing exhortation : mutual responsibility and blessing (5:19-20) -- Excursus 1: faith as the central concern of James -- Excursus 2: faith, works, and justification in James and Paul -- Excursus 3: James and wisdom -- Excursus 4: James and suffering.
630 0 0 _aBible.
_pJames
_vCommentaries.
_91750
830 0 _aBaker exegetical commentary on the New Testament.
_91751
906 _a7
_bcbc
_corignew
_d1
_eecip
_f20
_gy-gencatlg
942 _2lcc
_cMONOGRAPH
999 _c118163
_d118163